[Event "BCF-chT3 1415 (4NCL)"]
[Site "England"]
[Date "2015.03.22"]
[Round "9.60"]
[White "Henderson, David"]
[Black "Frean, Daniel J"]
[Result "1-0"]
[WhiteElo "2073"]
[BlackElo "1952"]
[PlyCount "59"]
[EventDate "2015.03.21"]
[EventType "team-swiss"]
[EventRounds "11"]
[EventCountry "ENG"]
[SourceTitle "EXT 2016"]
[Source "ChessBase"]
[SourceDate "2015.10.08"]
[SourceVersion "1"]
[SourceVersionDate "2015.10.08"]
[SourceQuality "1"]
[WhiteTeam "North East England"]
[BlackTeam "Broadland Bitterns"]
[WhiteTeamCountry "ENG"]
[BlackTeamCountry "ENG"]

1. e4 e5 2. Nf3 Nc6 3. Bb5 d6 4. d4 Bd7 5. 0-0 Nf6 6. Nc3 Be7 7. Re1 exd4 8. Nxd4 Nxd4 9. Bxd7+ Nxd7 10. Qxd4 Bf6 11. Qb4 Nc5 12. e5 Be7 13. exd6 Qxd6 14. Bg5 Ne6 15. Bxe7 Kxe7 16. Qxb7 Rhb8 17. Qe4 c6 18. Rad1 Qc7 19. Qh4+ Kf8 20. Qxh7 Rxb2 21. Qh8+ Ke7 22. Qxa8 Rb8 23. Nd5+ cxd5 24. Qxd5 Rh8 25. h3 Qxc2 26. Rc1 Qa4 27. Qg5+ Kd6 28. Red1+ Nd4 29. Qxg7 Ke6 30. Rxd4 1-0